000
00238nam a2200097Ia 4500
001
683695
005
20250826161443.0
008
250824s9999 xx 000 0 und d
245
0
_a
KURANLA YAŞAMAK
_c
AHMET BULUT
260
_b
TİMAŞ YAYINLARI
999
_c
683695
_d
683695